guess the singer by his song - Statistics

General Stats
  • This quiz has been taken 43 times
  • The average score is 12 of 20
Answer Stats
Song Singer % Correct
Shape of you Ed Sheeran
97%
Umbrella Rihanna
94%
Lose yourself Eminem
91%
Watermelon sugar Harry Styles
89%
Baby Justin Bieber
86%
Beat it Michael Jackson
86%
Starboy The Weeknd
86%
Set fire to the rain Adele
83%
Rap god Eminem
74%
Bad habits Ed Sheeran
66%
Lucid dreams Juice Wrld
46%
Passionfruit Drake
43%
No role modelz J Cole
43%
Lover Taylor Swift
40%
Hit em up Tupac
34%
Creepin The Weeknd
31%
Sprinter Central Cee
26%
Sky Playboi Carti
14%
Changes xxxtentacion
14%
Chicago Michael Jackson
9%
No matching quizzes found
Score Distribution
Percent of People with Each Score
Percentile by Number Answered
Your Score History
You have not taken this quiz